[Event "Asia Nations online Cup (Women)"]
[White "Faqeeh, Rahaf"]
[Black "Taweesupmun, Chanida"]
[Site "Chess.com INT"]
[Round "7.12"]
[Result "0-1"]
[Date "2020.10.19"]
[WhiteElo "1432"]
[BlackElo "1604"]
[PlyCount "60"]
[EventDate "2020.10.11"]
[EventType "team-swiss (rapid)"]
[EventRounds "9"]
[EventCountry "IND"]
[SourceTitle "CBM 198 Extra"]
[Source "ChessBase"]
[SourceDate "2020.11.30"]
[SourceVersion "1"]
[SourceVersionDate "2020.11.30"]
[SourceQuality "1"]
[WhiteTeam "Palestine (W)"]
[BlackTeam "Thailand (W)"]
[WhiteTeamCountry "PLE"]
[BlackTeamCountry "THA"]

1. c4 Nf6 2. g3 d5 3. cxd5 Qxd5 4. Nf3 Nc6 5. Nc3 Qh5 6. e3 Bg4 7. Be2 e5 8. Nh4 Bxe2 9. Qxe2 Qxe2+ 10. Kxe2 0-0-0 11. b3 g6 12. Bb2 Bg7 13. Nf3 Rhe8 14. Rhd1 e4 15. Ng5 h6 16. Nh3 Ng4 17. Rh1 f5 18. Nf4 g5 19. Nh5 Bh8 20. h3 Nxf2 21. Na4 Bxb2 22. Nxb2 Nd3 23. Rab1 Ncb4 24. a3 Nxb2 25. Rxb2 Nd3 26. Rc2 Ne5 27. Ng7 Re7 28. Nxf5 Re6 29. Nd4 Rf6 30. Rhc1 c6 0-1

[Event "Online Olym Div2 B"]
[White "Rogule, Laura"]
[Black "Taweesupmun, Chanida"]
[Site "Chess.com INT"]
[Round "1.4"]
[Result "1-0"]
[Date "2020.08.14"]
[WhiteElo "2302"]
[BlackElo "1604"]
[PlyCount "67"]
[EventDate "2020.08.14"]
[EventType "team-tourn (rapid)"]
[EventRounds "9"]
[EventCountry "USA"]
[SourceTitle "CBM 198"]
[Source "ChessBase"]
[SourceDate "2020.10.31"]
[SourceVersion "1"]
[SourceVersionDate "2020.10.31"]
[SourceQuality "1"]
[WhiteTeam "Latvia"]
[BlackTeam "Thailand"]
[WhiteTeamCountry "LAT"]
[BlackTeamCountry "THA"]

1. c4 Nf6 2. Nf3 e6 3. d4 d5 4. g3 c6 5. Bg2 Bd6 6. 0-0 0-0 7. Nc3 Nbd7 8. b3 b6 9. cxd5 cxd5 10. Nb5 Bb8 11. Ba3 Re8 12. Rc1 a6 13. Nd6 Bxd6 14. Bxd6 Ne4 15. Bc7 Qe7 16. Ne5 Nxe5 17. dxe5 b5 18. f3 Ra7 19. Bb6 Rb7 20. Be3 Nxg3 21. hxg3 f6 22. Qd4 Bd7 23. Rc2 Rc8 24. Rxc8+ Bxc8 25. Rc1 Bd7 26. Rc2 Kf7 27. Kf2 a5 28. exf6 gxf6 29. f4 Qd6 30. Qc5 Qb8 31. Bf3 a4 32. Bh5+ Kg8 33. Qe7 Bc6 34. Qxe6+ 1-0

[Event "Online Olym Div4 A"]
[White "Taweesupmun, Chanida"]
[Black "Lin, Ze Jun"]
[Site "Chess.com INT"]
[Round "9.2"]
[Result "0-1"]
[Date "2020.08.02"]
[WhiteElo "1604"]
[BlackElo "1512"]
[PlyCount "92"]
[EventDate "2020.07.31"]
[EventType "team-tourn (rapid)"]
[EventRounds "9"]
[EventCountry "USA"]
[SourceTitle "CBM 198"]
[Source "ChessBase"]
[SourceDate "2020.10.31"]
[SourceVersion "1"]
[SourceVersionDate "2020.10.31"]
[SourceQuality "1"]
[WhiteTeam "Thailand"]
[BlackTeam "Hong Kong"]
[WhiteTeamCountry "THA"]
[BlackTeamCountry "HKG"]

1. d4 Nf6 2. c4 g6 3. Nf3 Bg7 4. Nc3 d5 5. Bf4 0-0 6. e3 c5 7. dxc5 Qa5 8. Be2 dxc4 9. 0-0 Qxc5 10. Qa4 Nc6 11. Qxc4 Qxc4 12. Bxc4 Bf5 13. Rfd1 Rfd8 14. h3 Ne4 15. Nxe4 Bxe4 16. Ng5 Bxb2 17. Nxe4 Bxa1 18. Rxa1 Na5 19. Be2 Rac8 20. Rb1 Rc2 21. Bf3 b6 22. Be5 Rxa2 23. Rc1 Nb3 24. Rc7 Kf8 25. Ng5 h6 26. Ne4 f6 27. Bc3 a5 28. Rb7 f5 29. Ng3 Rd6 30. Be5 Rad2 31. Bxd6 Rxd6 32. Ne2 a4 33. Nc3 a3 34. Ra7 Na5 35. Bd5 Rxd5 36. Nxd5 a2 37. Nxb6 a1Q+ 38. Kh2 Qe5+ 39. g3 Qb2 40. Nd7+ Ke8 41. Kg2 Nc6 42. Rc7 Kd8 43. Rxc6 Kxd7 44. Rxg6 Qb7+ 45. Kg1 f4 46. exf4 Qb1+ 0-1

[Event "Asian Indoor Games (Women) 5th"]
[White "Al Maamari, Wafia Darwish"]
[Black "Taweesupmun, Chanida"]
[Site "Ashkhabad"]
[Round "3"]
[Result "1-0"]
[Date "2017.09.22"]
[WhiteElo "1601"]
[BlackElo "1753"]
[PlyCount "85"]
[EventDate "2017.09.21"]
[EventType "swiss"]
[EventRounds "7"]
[EventCountry "TKM"]
[SourceTitle "CBM 180 Extra"]
[Source "ChessBase"]
[SourceDate "2017.10.06"]
[SourceVersion "1"]
[SourceVersionDate "2017.10.06"]
[SourceQuality "1"]

1. e4 d6 2. d4 Nf6 3. Nc3 e5 4. dxe5 dxe5 5. Qxd8+ Kxd8 6. Bg5 c6 7. 0-0-0+ Kc7 8. Bc4 Be6 9. Bxe6 fxe6 10. Nf3 Nbd7 11. Bh4 h6 12. Bg3 Bd6 13. Rd2 Rad8 14. Rhd1 Nc5 15. Rxd6 Rxd6 16. Bxe5 Ne8 17. Nd4 Kd7 18. Bxd6 Nxd6 19. e5 Nde4 20. Nxe4 Nxe4 21. f3 Ng5 22. f4 Nf7 23. Nf5+ Ke8 24. Nxg7+ Ke7 25. Nh5 Rg8 26. g3 Rc8 27. Nf6 Rc7 28. Rd3 a5 29. Ra3 b6 30. Rb3 b5 31. Kd2 Rb7 32. Rc3 Rc7 33. Rc5 Nd8 34. Ng8+ Kf7 35. Nxh6+ Kg6 36. Ng4 Kf5 37. Nf6 Nb7 38. Rc3 c5 39. h4 Nd8 40. Rf3 Nc6 41. h5 Nxe5 42. fxe5+ Kxe5 43. h6 1-0

[Event "Asian Indoor Games (Women) 5th"]
[White "Vijayalakshmi, Subbaraman"]
[Black "Taweesupmun, Chanida"]
[Site "Ashkhabad"]
[Round "1"]
[Result "1-0"]
[Date "2017.09.21"]
[WhiteElo "2358"]
[BlackElo "1753"]
[PlyCount "33"]
[EventDate "2017.09.21"]
[EventType "swiss"]
[EventRounds "7"]
[EventCountry "TKM"]
[SourceTitle "CBM 180 Extra"]
[Source "ChessBase"]
[SourceDate "2017.10.06"]
[SourceVersion "1"]
[SourceVersionDate "2017.10.06"]
[SourceQuality "1"]

1. Nf3 Nf6 2. g3 e6 3. Bg2 d5 4. 0-0 Be7 5. d3 0-0 6. Nbd2 Nbd7 7. b3 b6 8. Bb2 Bb7 9. c4 c5 10. e3 Qc7 11. Rc1 Rac8 12. Qe2 Qb8 13. Rfd1 Rfe8 14. a3 Rcd8 15. Rb1 Ng4 16. Ne1 Bf6 17. Qxg4 1-0

[Event "Olympiad Women-42"]
[White "Taweesupmun, Chanida"]
[Black "Varela la Madrid, Tilsia Carolin"]
[Site "Baku"]
[Round "8.2"]
[Result "0-1"]
[Date "2016.09.10"]
[WhiteElo "1773"]
[BlackElo "2035"]
[PlyCount "84"]
[EventDate "2016.09.02"]
[EventType "team-swiss"]
[EventRounds "11"]
[EventCountry "AZE"]
[SourceTitle "CBM 174 Extra"]
[Source "ChessBase"]
[SourceDate "2016.10.10"]
[SourceVersion "1"]
[SourceVersionDate "2016.10.10"]
[SourceQuality "1"]
[WhiteTeam "Thailand (W)"]
[BlackTeam "Venezuela (W)"]
[WhiteTeamCountry "THA"]
[BlackTeamCountry "VEN"]

1. d4 d5 2. c4 c6 3. Nf3 Nf6 4. e3 Bf5 5. Nc3 e6 6. a3 Nbd7 7. Bd3 Bg6 8. Nh4 Bd6 9. Nxg6 hxg6 10. h3 0-0 11. cxd5 exd5 12. 0-0 Qe7 13. Re1 Ne4 14. Nxe4 dxe4 15. Bf1 Nf6 16. b4 Bc7 17. Qc2 g5 18. Qc5 Qxc5 19. bxc5 g4 20. hxg4 Nxg4 21. Be2 Nf6 22. Bd2 g6 23. g3 Kg7 24. Kg2 Nd5 25. Rh1 Rh8 26. Rxh8 Rxh8 27. Rb1 Rb8 28. Bc4 b6 29. Bxd5 cxd5 30. cxb6 Rxb6 31. Rxb6 axb6 32. Bb4 f5 33. f4 exf3+ 34. Kxf3 Kf6 35. g4 Bd8 36. gxf5 Kxf5 37. Bd6 b5 38. Bb4 Bc7 39. Bc5 g5 40. Be7 g4+ 41. Kg2 Ke4 42. Bf6 Bd6 0-1

[Event "Olympiad Women-42"]
[White "Taweesupmun, Chanida"]
[Black "Saric, Kristina"]
[Site "Baku"]
[Round "1.33"]
[Result "0-1"]
[Date "2016.09.02"]
[WhiteElo "1773"]
[BlackElo "2201"]
[PlyCount "86"]
[EventDate "2016.09.02"]
[EventType "team-swiss"]
[EventRounds "11"]
[EventCountry "AZE"]
[SourceTitle "CBM 174 Extra"]
[Source "ChessBase"]
[SourceDate "2016.10.10"]
[SourceVersion "1"]
[SourceVersionDate "2016.10.10"]
[SourceQuality "1"]
[WhiteTeam "Thailand (W)"]
[BlackTeam "Croatia (W)"]
[WhiteTeamCountry "THA"]
[BlackTeamCountry "CRO"]

1. d4 Nf6 2. c4 e6 3. Nf3 d5 4. e3 c6 5. Bd3 Nbd7 6. Nc3 dxc4 7. Bxc4 b5 8. Bd3 Bd6 9. 0-0 0-0 10. Qc2 Bb7 11. Ne4 Nxe4 12. Bxe4 f5 13. Bd3 c5 14. Qe2 c4 15. Bc2 Nf6 16. Bd2 Qc7 17. h3 Rac8 18. Rfc1 Bd5 19. Bd1 Ne4 20. Qe1 Nxd2 21. Nxd2 a5 22. a4 Qb7 23. Bf3 Bb4 24. Bxd5 exd5 25. axb5 Qxb5 26. Qd1 Rb8 27. Nf3 Bd6 28. Ra2 Bc7 29. Rca1 Qe8 30. Nd2 f4 31. e4 dxe4 32. Qe2 Bb6 33. Qxc4+ Kh8 34. Re1 e3 35. Nf3 exf2+ 36. Kxf2 Qg6 37. Kf1 Rbc8 38. Qb3 Rc2 39. Nh4 Qc6 40. Re6 Rc1+ 41. Ke2 Re8 42. d5 Rxe6+ 43. dxe6 Qe4+ 0-1

[Event "THA pre olympic qual (Women)"]
[White "Vongvatthana, Chananchida"]
[Black "Taweesupmun, Chanida"]
[Site "Bangkok"]
[Round "8"]
[Result "0-1"]
[Date "2016.05.21"]
[WhiteElo "1573"]
[BlackElo "1799"]
[PlyCount "26"]
[EventDate "2016.05.14"]
[EventType "swiss"]
[EventRounds "9"]
[EventCountry "THA"]
[SourceTitle "CBM 172 Extra"]
[Source "ChessBase"]
[SourceDate "2016.06.21"]
[SourceVersion "1"]
[SourceVersionDate "2016.06.21"]
[SourceQuality "1"]

1. e4 e5 2. Nf3 Nf6 3. Nc3 Nc6 4. Bc4 Nxe4 5. Nxe4 d5 6. Bb5 dxe4 7. Bxc6+ bxc6 8. Nxe5 Qg5 9. Nxc6 Qxg2 10. Rf1 Bg4 11. f3 Bxf3 12. Rf2 Qg1+ 13. Rf1 Qxf1+ 0-1

[Event "THA-chT"]
[White "Vongvatthana, Chananchida"]
[Black "Taweesupmun, Chanida"]
[Site "Bangkok"]
[Round "7.4"]
[Result "1/2-1/2"]
[Date "2015.12.12"]
[WhiteElo "1610"]
[BlackElo "1798"]
[PlyCount "86"]
[EventDate "2015.12.04"]
[EventType "team-swiss"]
[EventRounds "9"]
[EventCountry "THA"]
[SourceTitle "CBM 170 Extra"]
[Source "ChessBase"]
[SourceDate "2016.02.25"]
[SourceVersion "1"]
[SourceVersionDate "2016.02.25"]
[SourceQuality "1"]
[WhiteTeam "Khuntongkum"]
[BlackTeam "East Bangapi"]
[WhiteTeamCountry "THA"]
[BlackTeamCountry "THA"]

1. e4 c6 2. d4 d5 3. Nc3 dxe4 4. Nxe4 Bf5 5. Ng3 Bg6 6. h4 h6 7. Nf3 Nd7 8. h5 Bh7 9. Bd3 Bxd3 10. Qxd3 e6 11. Bd2 Ngf6 12. 0-0-0 Qc7 13. Ne4 0-0-0 14. Qe2 Nxe4 15. Qxe4 Nf6 16. Qe2 Bd6 17. g3 Kb8 18. Kb1 Ka8 19. c4 c5 20. Bc3 cxd4 21. Bxd4 Bc5 22. Bxc5 Qxc5 23. Ne5 Qe7 24. Qf3 Rc8 25. Qe2 Rc7 26. Rh4 Rd8 27. Rhd4 Rxd4 28. Rxd4 a6 29. g4 Nd7 30. Nxd7 Rxd7 31. Rxd7 Qxd7 32. Kc2 Qa4+ 33. Kb1 Qd7 34. Kc2 Qd4 35. f3 Ka7 36. Qd3 Qf2+ 37. Kc3 Qe1+ 38. Kb3 Qe5 39. Qc3 Qg5 40. Qd4+ Kb8 41. Qd6+ Ka7 42. Qd4+ Kb8 43. Qd6+ Ka8 1/2-1/2

[Event "THA-chT"]
[White "Taweesupmun, Chanida"]
[Black "Chuersakul, Sarocha"]
[Site "Bangkok"]
[Round "2.4"]
[Result "1-0"]
[Date "2015.12.04"]
[WhiteElo "1798"]
[BlackElo "1588"]
[PlyCount "53"]
[EventDate "2015.12.04"]
[EventType "team-swiss"]
[EventRounds "9"]
[EventCountry "THA"]
[SourceTitle "EXT 2017"]
[Source "ChessBase"]
[SourceDate "2016.10.25"]
[SourceVersion "1"]
[SourceVersionDate "2016.10.25"]
[SourceQuality "1"]
[WhiteTeam "East Bangapi"]
[BlackTeam "Chiang Mai II"]
[WhiteTeamCountry "THA"]
[BlackTeamCountry "THA"]

1. Nf3 d5 2. d4 Nf6 3. c4 e6 4. e3 Nbd7 5. Bd3 dxc4 6. Bxc4 Be7 7. Nc3 0-0 8. 0-0 b6 9. a3 Bb7 10. Re1 Ne4 11. Nxe4 Bxe4 12. Bd2 Bd6 13. Bc3 Qf6 14. Nd2 Bg6 15. e4 e5 16. Nf1 Rad8 17. Bb5 Qg5 18. Bxd7 Rxd7 19. dxe5 Rdd8 20. exd6 Rxd6 21. Qf3 Bh5 22. Qg3 Qg4 23. Qxg4 Bxg4 24. Ne3 Be6 25. Rad1 Rfd8 26. Rxd6 Rxd6 27. f3 1-0

[Event "Olympiad Women-41"]
[White "Blackman, Katrina"]
[Black "Taweesupmun, Chanida"]
[Site "Tromsoe"]
[Round "9.1"]
[Result "1-0"]
[Date "2014.08.11"]
[WhiteElo "1627"]
[BlackElo "1838"]
[PlyCount "68"]
[EventDate "2014.08.02"]
[EventType "team-swiss"]
[EventRounds "11"]
[EventCountry "NOR"]
[SourceTitle "CBM 162"]
[Source "ChessBase"]
[SourceDate "2014.09.17"]
[SourceVersion "1"]
[SourceVersionDate "2014.09.17"]
[SourceQuality "1"]
[WhiteTeam "Barbados (W)"]
[BlackTeam "Thailand (W)"]
[WhiteTeamCountry "BAR"]
[BlackTeamCountry "THA"]

1. e4 e5 2. Nf3 Nc6 3. Bc4 Bc5 4. c3 Nf6 5. d3 a6 6. Bb3 d6 7. Nbd2 Ba7 8. h3 h6 9. 0-0 0-0 10. Re1 Be6 11. Bc2 Qd7 12. Nf1 Rfe8 13. Ng3 d5 14. exd5 Bxd5 15. Be3 Bxe3 16. Rxe3 Nh7 17. Nh4 Be6 18. Qh5 Nf6 19. Qf3 Nd5 20. Ree1 g5 21. Nhf5 Bxf5 22. Nxf5 Nf4 23. Nxh6+ Kg7 24. Ng4 f6 25. Rad1 Rad8 26. Ne3 Rh8 27. d4 exd4 28. Nf5+ Kf8 29. Nxd4 Nxd4 30. Rxd4 Qc8 31. Rxd8+ Qxd8 32. Qxb7 Qd6 33. Qe4 Qd7 34. Ba4 Qxa4 1-0

[Event "Olympiad Women-41"]
[White "Baciu, Diana"]
[Black "Taweesupmun, Chanida"]
[Site "Tromsoe"]
[Round "1.1"]
[Result "1-0"]
[Date "2014.08.02"]
[WhiteElo "2294"]
[BlackElo "1838"]
[PlyCount "73"]
[EventDate "2014.08.02"]
[EventType "team-swiss"]
[EventRounds "11"]
[EventCountry "NOR"]
[SourceTitle "CBM 162"]
[Source "ChessBase"]
[SourceDate "2014.09.17"]
[SourceVersion "1"]
[SourceVersionDate "2014.09.17"]
[SourceQuality "1"]
[WhiteTeam "Moldova (W)"]
[BlackTeam "Thailand (W)"]
[WhiteTeamCountry "MDA"]
[BlackTeamCountry "THA"]

1. e4 e5 2. Nf3 Nc6 3. Bc4 Bc5 4. c3 Nf6 5. d3 a6 6. h3 d6 7. Bb3 h6 8. Nbd2 Ba7 9. Nf1 Be6 10. Ng3 0-0 11. Nh2 Re8 12. Qf3 Bxb3 13. axb3 d5 14. Nf5 dxe4 15. dxe4 Kh7 16. 0-0 Re6 17. g4 Ne7 18. g5 hxg5 19. Bxg5 Nxf5 20. Qxf5+ Kg8 21. Ng4 Bc5 22. Rad1 Bd6 23. Kh1 a5 24. Nxf6+ Rxf6 25. Bxf6 Qxf6 26. Qxf6 gxf6 27. Rg1+ Kh7 28. Rg4 Rg8 29. Rxg8 Kxg8 30. Kg2 Kg7 31. Kg3 Kg6 32. Kg4 Bc5 33. f3 Be3 34. Rd7 Bc1 35. Rxc7 Bxb2 36. c4 b6 37. c5 1-0